01017nam a2200277 i 4500001000700000003000900007005001700016007000300033008004100036080001100077111004800088245010700136250001200243260003400255300002100289490004600310490002900356500003400385650002500419700004100444830005400485830003700539852002200576999001900598952012200617114897ES-MaACL20230906190259.0t|070208s1965 sp ||||1| spa d a231.742 aConcilio Vaticano (n2º. d1962-1965)912210aConstitución dogmática sobre la divina revelación / cintroducción: José Mª Rovira Belloso. a1ª ed. aBarcelona : bEstela, c1965. a64 p. ; c20 cm.1 aDocumentos del Concilio Vaticano II ; v81 aColección "Mens Petri" aTexto en español y latín.14aRevelación.9168951 aRovira Belloso, Josep Maria.91001430 aDocumentos del Concilio Vaticano II ; v891858020 aColección "Mens Petri"9185803 aES-MaACLjC-56629 c114897d114897 00104070aATENEOMbATENEOMcDEPO2d2008-01-17eSCl0oC-56629p1119816r2023-02-23 00:00:00w2023-02-23yMONOGRAFIA